ការសិក្សាអំពីចន្លោះឃ្លាតដាំដុះនៃដំណាំសណ្ដែកបាយ (Record no. 269)
[ view plain ]
| 000 -LEADER | |
|---|---|
| fixed length control field | 00525nam a22001577a 4500 |
| 003 - CONTROL NUMBER IDENTIFIER | |
| control field | OSt |
| 005 - DATE AND TIME OF LATEST TRANSACTION | |
| control field | 20150911145120.0 |
| 008 - FIXED-LENGTH DATA ELEMENTS--GENERAL INFORMATION | |
| fixed length control field | 150911b xxu||||| |||| 00| 0 eng d |
| 040 ## - CATALOGING SOURCE | |
| Transcribing agency | RUA |
| 082 ## - DEWEY DECIMAL CLASSIFICATION NUMBER | |
| Classification number | AGR ថោង 1995 B014 Or.1 |
| 100 ## - MAIN ENTRY--PERSONAL NAME | |
| 9 (RLIN) | 290 |
| Personal name | ថោង ច័ន្ទនីកា |
| 245 ## - TITLE STATEMENT | |
| Title | ការសិក្សាអំពីចន្លោះឃ្លាតដាំដុះនៃដំណាំសណ្ដែកបាយ |
| 260 ## - PUBLICATION, DISTRIBUTION, ETC. (IMPRINT) | |
| Place of publication, distribution, etc. | Phnom Penh |
| Name of publisher, distributor, etc. | RUA |
| Date of publication, distribution, etc. | 1995 |
| 300 ## - PHYSICAL DESCRIPTION | |
| Extent | 60p. |
| Other physical details | ill. |
| Dimensions | 29cm. |
| 942 ## - ADDED ENTRY ELEMENTS (KOHA) | |
| Source of classification or shelving scheme | |
| Koha item type | AGR |
| Price effective from | Date last seen | Permanent Location | Not for loan | Date acquired | Source of classification or shelving scheme | Koha item type | Lost status | Withdrawn status | Date last checked out | Total Checkouts | Shelving location | Damaged status | Barcode | Current Location | Full call number |
|---|---|---|---|---|---|---|---|---|---|---|---|---|---|---|---|
| 2015-09-11 | 2019-12-02 | Library Block B | 2015-09-11 | AGR | 2019-11-18 | 2 | B014 | RUA005143 | Library Block B | AGR ថោង 1995 B014 Or.1 | |||||
| 2015-09-11 | 2017-10-30 | Library Block B | 2015-09-11 | AGR | 2017-10-16 | 3 | B014 | RUA003385 | Library Block B | AGR ថោង 1995 B014 Or.2 | |||||
| 2015-09-11 | 2015-09-11 | Library Block B | 2015-09-11 | AGR | B014 | RUA003463 | Library Block B | AGR ថោង 1995 B014 Or.3 | |||||||
| 2015-09-11 | 2019-10-28 | Library Block B | 2015-09-11 | AGR | 2019-10-04 | 1 | B014 | RUA003535 | Library Block B | AGR ថោង 1995 B014 Or.4 | |||||
| 2015-09-11 | 2015-09-11 | Library Block B | 2015-09-11 | AGR | B014 | RUA004004 | Library Block B | AGR ថោង 1995 B014 Or.5 | |||||||
| 2015-09-11 | 2018-08-08 | Library Block B | 2015-09-11 | AGR | 2018-07-18 | 1 | B014 | RUA003989 | Library Block B | AGR ថោង 1995 B014 Or.6 | |||||
| 2015-09-11 | 2016-08-23 | Library Block B | 2015-09-11 | AGR | 2016-08-02 | 2 | B014 | RUA003568 | Library Block B | AGR ថោង 1995 B014 Or.7 | |||||
| 2015-09-11 | 2015-09-11 | Library Block B | 2015-09-11 | AGR | B014 | RUA003351 | Library Block B | AGR ថោង 1995 B014 Or.8 |